Ferrocarril de Corte Alto a Maullín
সংরক্ষণ করুন:
| প্রধান লেখক: | |
|---|---|
| সংস্থা লেখক: | |
| বিন্যাস: | গ্রন্থ |
| ভাষা: | স্প্যানিশ |
| প্রকাশিত: |
Santiago
Sociedad Imprenta y Litografía Universo
1929
|
| সংস্করন: | 1a. ed |
| বিষয়গুলি: | |
| ট্যাগগুলো: |
ট্যাগ যুক্ত করুন
কোনো ট্যাগ নেই, প্রথমজন হিসাবে ট্যাগ করুন!
|
MARC
| LEADER | 00000nam a2200000 a 4500 | ||
|---|---|---|---|
| 001 | UCJ5885 | ||
| 003 | CL-VaPUC | ||
| 008 | 070124e19290000CL |||||||||||||||||spa|d | ||
| 082 | 0 | 4 | |a 983 |b FER |2 21 |
| 100 | 0 | |a González M., Rafael |e author |9 511777 | |
| 110 | 2 | |a Ferrocarriles del Estado |e author |9 511778 | |
| 245 | 1 | 0 | |a Ferrocarril de Corte Alto a Maullín |
| 250 | |a 1a. ed | ||
| 300 | |a 208 p | ||
| 942 | |c BK | ||
| 945 | |d 20070124 00:00:00 |a rinostro | ||
| 260 | |a Santiago |b Sociedad Imprenta y Litografía Universo |c 1929 | ||
| 500 | |a Un mapa de la zona tratada y plano de las obras | ||
| 600 | 0 | 7 | |a QUIROS, G. |2 CL-VaPUC |9 511779 |
| 650 | 7 | |a FERROCARRILES CHILENOS |2 CL-VaPUC |9 511780 | |
| 650 | 7 | |a TRANSPORTE |2 CL-VaPUC |9 256365 | |
| 650 | 0 | |a Obras públicas |9 261125 | |
| 650 | 0 | |a Ingeniería |9 259380 | |
| 650 | 0 | |a Mapas |9 260844 | |
| 650 | 7 | |a PRESUPUESTO |2 CL-VaPUC |9 306206 | |
| 650 | 0 | |a Historia de Chile |9 265473 | |
| 651 | 7 | |a CORTE ALTO |2 CL-VaPUC |9 511781 | |
| 651 | 7 | |a MAULLIN |2 CL-VaPUC |9 511782 | |
| 583 | |a last modification |c 20070124 00:00:00 |k Rodrigo Vera | ||
| 999 | |c 321993 |d 321991 | ||
| 952 | |0 0 |1 0 |4 0 |6 983_000000000000000_FER_1929 |7 0 |8 X |9 400895 |a FDOBUD |b FDOBUD |d 2019-11-22 |i 1041053 |o 983 FER 1929 |p 1041053 |r 2019-11-22 |w 2019-11-22 |y BK_X |k BUD | ||